Zmenky ako nástroj zaistenia pohľadávok

Pojmové vymedzenie zmeniek. Druhy a formy zmeniek. Náležitosti zmenky. Splatnosť, prijatie a prevod zmenky. Vykonanie protestu. Zmenečné ručenie - aval. Možnosti použitia zmenky v praxi. Výhody a nevýhody zmenky.

Gespeichert in:
Bibliographische Detailangaben
1. Verfasser: Čelko, Martin
Format: Buchkapitel
Sprache:Slowakisch
Schlagworte:
Tags: Tag hinzufügen
Keine Tags, Fügen Sie das erste Tag hinzu!

MARC

LEADER 00000naa a2200000 4500
001 r040963
005 20230919115446.3
041 0 |a slo 
044 |a SK 
245 1 0 |a Zmenky ako nástroj zaistenia pohľadávok  |c Martin Čelko 
520 |a Pojmové vymedzenie zmeniek. Druhy a formy zmeniek. Náležitosti zmenky. Splatnosť, prijatie a prevod zmenky. Vykonanie protestu. Zmenečné ručenie - aval. Možnosti použitia zmenky v praxi. Výhody a nevýhody zmenky. 
610 2 0 |a zmenky 
610 2 0 |a ručenie 
610 2 0 |a ručitelia 
610 2 0 |a pohľadávky 
610 2 0 |a šeky 
610 2 0 |a záväzky 
610 2 0 |a papiere cenné 
100 1 |a Čelko, Martin